| 000 | 00773nam a2200241Ia 4500 | ||
|---|---|---|---|
| 003 | OSt | ||
| 005 | 20220925203424.0 | ||
| 006 | a|||||r|||| 00| 0 | ||
| 007 | ta | ||
| 008 | 220923b |||||||| |||| 00| 0 eng d | ||
| 020 |
_a9780822353614 _c1588.3299999999999 |
||
| 037 |
_b844, 30/01/2014, Pranami Book Service _cGeneral Book |
||
| 040 |
_aRTL _cRTL _beng |
||
| 041 |
_2eng _aeng |
||
| 082 | _aY9(W:77), Q3 | ||
| 100 |
_aSTOLER Ann Laura _9237798 |
||
| 245 | 0 |
_aImperial debris _b On ruins and ruination |
|
| 260 |
_aDurham _bDuke University Press _c2013 |
||
| 300 |
_axi, 365p _ccm. |
||
| 500 | _aGlossary: p 408-414 | ||
| 942 |
_hY9(W:77), Q3 _cGB _2CC |
||
| 999 |
_c546364 _d546364 |
||